Manual Prt̀ico dos Contratos

Detalles Bibliográficos
Autor principal: Albuquerque de Lima, Jos ̌Edvaldo
Otros Autores: Albuquerque de Lima, Marcello Vaz
Formato: Libro
Lenguaje:portugués
Publicado: Brasil Editora Mundo Jurd̕ico 2015
Materias:
Acceso en línea:Acceso restringido

MARC

LEADER 00000nam a22000007a 4500
005 20160223170421.0
007 cr|||| ||u|
008 160223s2015 bl ||||| |||| 00||0 por d
020 |a 978-85-8085-063-5 
035 |a 13099 
040 |a vLex 
090 |c 5911  |d 5911 
100 1 |a Albuquerque de Lima, Jos ̌Edvaldo 
245 1 0 |a Manual Prt̀ico dos Contratos  |h [Recurso electrn̤ico] /   |c Jos ̌Edvaldo Albuquerque de Lima  
256 |a Servicio en ln̕ea  
260 |a Brasil   |b Editora Mundo Jurd̕ico  |c 2015 
300 |a 1 recurso electrn̤ico (Editora Mundo Jurd̕ico, 2015)  
506 1 |a Contenido solo disponible en los productos indicados  |d vLex Global  |d vLex Global (Academic Edition, excluding Law Schools)  |d vLex Global (U.S. Academic Edition, Law Schools)  |d vLex Global (U.S. Academic Edition, excluding Law Schools)  |d vLex Global (Academic Edition, Law Schools) 
650 0 4 |a Derecho  |z Brasil  
700 1 |a Albuquerque de Lima, Marcello Vaz 
740 0 |a vLex libros (servicio en ln̕ea)  
856 4 0 |u http://vlex.com/source/manual-pratico-contratos-13099  |z Acceso restringido  
942 |c BOOK 
999 0 |a Law